The land was ours (Record no. 82327)
[ view plain ]
| 000 -LEADER | |
|---|---|
| fixed length control field | 01642nam a2200385Ia 4500 |
| 082 04 - DEWEY DECIMAL CLASSIFICATION NUMBER | |
| Classification number | 333.3089/96073075 |
| 100 1# - MAIN ENTRY--AUTHOR NAME | |
| Personal name | Kahrl, Andrew W., |
| 245 14 - TITLE STATEMENT | |
| Title | The land was ours |
| 260 ## - PUBLICATION, DISTRIBUTION, ETC. (IMPRINT) | |
| Place of publication | Cambridge, Mass. : |
| Name of publisher | Harvard University Press, |
| Year of publication | 2012. |
| 300 ## - PHYSICAL DESCRIPTION | |
| Number of Pages | 346 p. : |
| Other physical details | ill., maps. |
| 650 #0 - SUBJECT ADDED ENTRY--TOPICAL TERM | |
| Topical Term | African Americans |
| Topical Term | Land tenure |
| Topical Term | Coasts |
| Topical Term | Coasts |
| Topical Term | Coasts |
| Topical Term | Real estate development |
| Topical Term | Real estate development |
| 856 40 - ELECTRONIC LOCATION AND ACCESS | |
| Uniform Resource Identifier | http://site.ebrary.com/lib/rucke/Doc?id=10568025 |
No items available.
